Guess the Year the Movie Came Out - Click Quiz - Statistics

General Stats
  • This quiz has been taken 61 times
  • The average score is 18 of 48
Answer Stats
Hint Answer % Correct
Interstellar 2014
71%
Inception 2010
65%
Guardians of the Galaxy 2014
63%
La La Land 2016
63%
The Dark Knight 2008
56%
Spider-Man 2 2004
54%
Kung Fu Panda 2008
52%
Toy Story 3 2010
52%
Big Fish 2003
50%
WALL-E 2008
48%
Eternal Sunshine of the Spotless Mind 2004
46%
Slumdog Millionaire 2008
46%
Moonlight 2016
46%
Elf 2003
44%
Anchorman: The Legend of Ron Bergundy 2004
44%
The Karate Kid 2010
44%
Zootopia 2016
44%
Big Hero 6 2014
42%
Ghost Rider 2007
40%
Brave 2012
40%
The Grand Budapest Hotel 2014
40%
The Lego Movie 2014
40%
The Darjeeling Limited 2007
38%
Tropic Thunder 2008
38%
Edge of Tomorrow 2014
38%
Alice in Wonderland 2010
35%
Looper 2012
35%
Finding Nemo 2003
33%
A Series of Unfortunate Events 2004
33%
Ratatouille 2007
33%
Bee Movie 2007
33%
Bruce Almighty 2003
31%
Crash 2004
29%
Hacksaw Ridge 2016
29%
Moonrise Kingdom 2012
27%
The Lorax 2012
27%
Hail Caesar! 2016
27%
Salt 2010
25%
The Legend of Tarzan 2016
25%
Old School 2003
23%
The Life Aquatic With Steve Zissou 2004
21%
Enchanted 2007
21%
Fred Claus 2007
19%
Australia 2008
15%
Gulliver's Travels 2010
15%
The Campaign 2012
13%
Duplex 2003
10%
Man on a Ledge 2012
6%
No matching quizzes found
Score Distribution
Percent of People with Each Score
Percentile by Number Answered
Your Score History
You have not taken this quiz